000 00442nam a2200193Ia 4500
008 151121s9999||||xx |||||||||||||| ||und||
082 _a940/HAN
082 _bHNW-51544
100 _aHanc Josef
245 _aEastern Europe
260 _b"Museum Press Ltd, London।"
260 _c--
300 _a272
600 _aHanc Josef
630 _aEastern Europe
700 _aHanc Josef
730 _aEastern Europe
942 _cBOOK
999 _c1235888
_d1235885